000 00743cam a2200253 4500
999 _c3184
_d3184
001 3128134
003 GBCCL
005 20241126110449.0
008 720802s1972 txu b 000 0beng
010 _a 70188066
040 _aDLC
_cDLC
_dDLC
050 0 0 _aBX4827.B3
_bM8
082 0 0 _a230.4092
_aB
_bMUE
100 1 _aMueller, David L.
_q(David Livingstone),
_d1929-
_96578
245 0 0 _aKarl Barth,
_cby David L. Mueller.
260 _aWaco, Tex.,
_bWord Books
_c[1972]
300 _a172 p.
_c23 cm.
350 _a$4.95
490 0 _aMakers of the modern theological mind
504 _aBibliography: p. 169-172.
600 1 0 _aBarth, Karl,
_d1886-1968.
_92654
906 _a7
_bcbc
_corignew
_d2
_encip
_f19
_gy-gencatlg
942 _2ddc
_cBK
_010